Os avós (Registo nº 1577)
[ vista simples ]
| 000 -Etiqueta do registo | |
|---|---|
| Cabeçalho | 01146nam0a2200325 4500 |
| 005 - Identificador da versão | |
| Campo de controlo | 20240813121840.0 |
| 010 ## - Número internacional normalizado dos livros (ISBN) | |
| Número (ISBN) | 9789727690930 |
| 021 ## - Número do Depósito Legal | |
| Código do país | PT |
| Número | 344026/12 |
| 003 - Persistent Record Identifier | |
| control field | http://porbase.bnportugal.pt/ipac20/ipac.jsp?profile=bn&uri=full=3100024~!2554798~!0 |
| 100 ## - Dados gerais de processamento | |
| Dados gerais de processamento | 20160622d2012 m y0pory5003 ba |
| 102 ## - Pais de publicação ou produção | |
| País de publicação | Portugal |
| 101 1# - Língua de publicação | |
| Língua do texto, banda sonora, etc. | Português |
| Língua do documento no original | Inglês |
| 215 ## - Descrição física | |
| Indicação específica da natureza do documento e extensão da espécie | 124, [4] p |
| 200 1# - Titulo e menção de responsabilidade | |
| Título próprio | Os avós |
| Primeira menção de responsabilidade | Rory Mullarkey |
| Título próprio de outro autor | Liceu Höderlin |
| Primeira menção de responsabilidade | Pedro Mexia |
| Título próprio de outro autor | Septeto fatal |
| Primeira menção de responsabilidade | Alex Cassal |
| 225 2# - Colecção | |
| Título próprio da colecção | Panos |
| Nome de uma parte ou secção | Palcos novos palavras novas |
| 210 ## - Publicação, Distribuição, etc. | |
| Lugar da edição, distribuição, etc. | Lisboa |
| Nome do editor, distribuidor, etc. | Culturgest |
| Data da publicação, distribuição, etc. | 2012 |
| 606 ## - Nome comum usado como assunto | |
| Número de registo de entrada de autoridade | 0002206 |
| Palavra de ordem | Literatura inglesa |
| Subdivisão de assunto | Teatro |
| Código do sistema | CA |
| Número de registo de entrada de autoridade | 0002049 |
| Palavra de ordem | Literatura portuguesa |
| Subdivisão de assunto | Teatro |
| Código do sistema | CA |
| Número de registo de entrada de autoridade | 0003016 |
| Palavra de ordem | Literatura brasileira |
| Subdivisão de assunto | Teatro |
| Código do sistema | CA |
| 675 ## - Classificação Decimal Universal (CDU) | |
| Notação | 821.111-2 |
| Edição | 3ª ed. |
| Língua da edição | por |
| Notação | 821.134.3-2 |
| Edição | 3ª ed. |
| Língua da edição | por |
| Notação | 821.134.3(81)-2 |
| Edição | 3ª ed. |
| Língua da edição | por |
| 701 #1 - Nome de autor-pessoa física (co-responsabilidade principal) | |
| Palavra de ordem | Mexia |
| Outra parte do nome não tomada para palavra de ordem | Pedro |
| Elementos de identificação ou distinção | e outro |
| Datas | 1972- |
| Código de função | Autor / Co-autor |
| Palavra de ordem | Cassal |
| Outra parte do nome não tomada para palavra de ordem | Alex |
| Elementos de identificação ou distinção | e outro |
| Código de função | Autor / Co-autor |
| 700 #1 - Nome de autor-pessoa física (responsabilidade principal) | |
| Número de registo de entrada de autoridade | 0003018 |
| Palavra de ordem | Rory |
| Outra parte do nome não tomada para palavra de ordem | Mullarkey |
| Elementos de identificação ou distinção | e outro |
| 966 ## - Identificação da Biblioteca | |
| Sigla | EB2,3ENM |
| 942 ## - Elementos de entrada adicionados (Koha) | |
| Tipo de item no Koha | Livro |
| Situação do levantamento | Origin of item (home branch) (coded) | Biblioteca de empréstimo | Código de barras | Cota | Circulation type (not for loan) | Tipo de documento | Nota do exemplar | Damaged status |
|---|---|---|---|---|---|---|---|---|
| Biblioteca Escolar Eng. Nuno Mergulhão | Biblioteca Escolar Eng. Nuno Mergulhão | BENM3333 | 82LE-2 MUL | Livro | Sem mensagem |
